Časová štruktúra úrokových mier

Enregistré dans:
Détails bibliographiques
Auteur principal: Kaderová, Andrea
Collectivité auteur: Fakulta hospodárskej informatiky EU. Katedra matematiky a aktuárstva
Format: Livre
Langue:slovaque
Publié: Bratislava 2015
Sujets:
Tags: Ajouter un tag
Pas de tags, Soyez le premier à ajouter un tag!

MARC

LEADER 00000nam a2200000 4500
001 0205189
005 20240514070210.7
041 0 |a slo 
044 |a SK 
245 1 0 |a Časová štruktúra úrokových mier  |c Andrea Kaderová 
264 1 |a Bratislava  |c 2015 
300 |a [5 s., 3,75 NS] 
610 2 0 |a miera úroková 
610 2 0 |a dlhopisy 
610 2 0 |a výnosy 
100 1 |a Kaderová, Andrea 
710 2 |a Fakulta hospodárskej informatiky EU. Katedra matematiky a aktuárstva